| 000 | 01279cam a22003737a 4500 | ||
|---|---|---|---|
| 003 | CHAP | ||
| 005 | 20220329141921.0 | ||
| 008 | 980603d1996 mx ab r 00110 spa d | ||
| 010 | _a75688 | ||
| 011 | _a76660 | ||
| 020 | _a9682315778 | ||
| 035 | _a86246 | ||
| 040 | _cCHAP | ||
| 082 | 0 | 4 |
_a300.18 _bP3 1996 |
| 100 | 0 | 0 |
_aPardinas, Felipe. _985491 |
| 245 | 1 | 0 |
_aMetodología y técnicas de investigación en ciencias sociales _c/por Felipe Pardinas |
| 250 | _a34 ed. corr. y aum. | ||
| 260 |
_aMéxico, D.F. ; _bSiglo XXI, _c1996. |
||
| 300 |
_a242 p. : _bilus. ; gráfs. ; mapas |
||
| 490 | 0 | _aSociología y política | |
| 590 |
_aBATCH-UPD _b10 _c20130110 _lUCH01 _h0948 |
||
| 590 |
_aBATCH-UPD _b10 _c20130410 _lUCH01 _h0602 |
||
| 590 |
_aBATCH-UPD _b10 _c20130914 _lUCH01 _h0937 |
||
| 590 |
_aCONVERSION _b10 _c20130109 _lUCH01 _h1341 |
||
| 650 | 1 | 4 |
_aCiencias sociales _xInvestigación. _923226 |
| 650 | 1 | 4 |
_aCiencias sociales _xMetodología. _923230 |
| 650 | 1 | 4 |
_aInvestigación _xMetodología. _960237 |
| 650 | 1 | 4 |
_aSociología. _9108197 |
| 830 | 0 |
_aSociología y política _9108249 |
|
| 901 | _aBK | ||
| 905 | _aGuadalupe Pinto C. | ||
| 942 | _cLIBRO | ||
| 949 |
_a300.18 P3 1996 _bBC _cLIBRO _d33724000599478 _eLIBRO _h66938 _i86246 _mSust. a 300.18 P3 1984 c.4 _si _t$58.00 |
||
| 999 |
_c75688 _d75688 |
||